00525 a2200169 4500003000500000005001700005040000900022082001300031100001900044245010100063260002600164300001000190650002000200942001200220999001900232952010400251Nust20170207153433.0 cNust a891.4391 a Aslam Khokhar a Napoleon Bonaparte,- heridvolf hitler ,Banto Masoluni. ...bTeen Azeem DictatorcAslam Khokhar aLahorebFiction House a250:p aurdu literature 2ddccBK c186195d186195 00102ddc40708NFICaMCSbMCSd2016-12-12l0o891.4391 KHOpMCS28666r2016-12-08w2016-12-12yBK